000
00289nam a22001337a 4500
008
190306b xxu||||| |||| 00| 0 eng d
020
_a
2740361282698
041
_a
eng
080
_a
531
100
_a
43
101
_a
FIZ
245
_a
Conceptual Physics
_c
Hewitt, P.G
942
_2
udc
_c
BK
999
_c
54647
_d
54647